00401nam a2200169 a 45000010005000000030009000050080041000140200015000550400028000700820014000981000023001122450020001352500008001552600035001633000008001986500025002066435CO-ViMGA141112s2004 ck r 000 u spa d a9500409461 aCO-ViMGAbspacCO-ViMGA04aA863 B6731 aBorges, Jorge Luis10aObras completas a20a aBuenos Aires : bEmece, c1996 a4 v14aLITERATURA ARGENTINA